| 000 -LEADER |
| fixed length control field |
00350nam a2200121 4500 |
| 082 ## - DEWEY DECIMAL CLASSIFICATION NUMBER |
| Classification number |
TNC C41x54 K897 |
| 100 ## - MAIN ENTRY--PERSONAL NAME |
| Personal name |
Krishnamurthy, K. |
| 9 (RLIN) |
24592 |
| 245 ## - TITLE STATEMENT |
| Title |
Human rights and the Indian police |
| 260 ## - PUBLICATION, DISTRIBUTION, ETC. (IMPRINT) |
| Place of publication, distribution, etc |
Bangalore |
| Name of publisher, distributor, etc |
R.R. Publication |
| Date of publication, distribution, etc |
1996 |
| 300 ## - PHYSICAL DESCRIPTION |
| Extent |
380p |
| 650 ## - SUBJECT ADDED ENTRY--TOPICAL TERM |
| Topical term or geographic name as entry element |
Civil rights - India |
| 9 (RLIN) |
24593 |
| 650 ## - SUBJECT ADDED ENTRY--TOPICAL TERM |
| Topical term or geographic name as entry element |
Police brutality - India |
| 9 (RLIN) |
24594 |